MARC

LEADER 00000nam0a2200000 4500
001 363361
005 20231102011601.0
035 |a (RuTPU)RU\TPU\retro\20708 
090 |a 363361 
100 |a 20210928d1980 km y0rusy50 ca 
101 0 |a rus 
102 |a UA 
105 |a a z 001zy 
200 1 |a Предгорные впадины областей внегеосинклинального горообразования  |f В. Д. Войлошников 
210 |a Киев  |c Вища школа  |d 1980 
215 |a 190 с.  |c ил. 
320 |a Библиогр.: с. 177-188 
606 1 |a Геология структурная  |2 stltpush  |3 (RuTPU)RU\TPU\subj\6122  |9 34080 
606 1 |a Горообразование  |2 stltpush  |3 (RuTPU)RU\TPU\subj\8314  |9 35759 
610 1 |a предгорные равнины 
610 1 |a предгорья 
610 1 |a впадины 
610 1 |a Иркутский угольный бассейн 
610 1 |a рельеф местности 
610 1 |a сравнительные характеристики 
610 1 |a геологическое строение 
610 1 |a формирование 
675 |a 551.243  |v 4 
675 |a 551.432  |v 4 
700 1 |a Войлошников  |b В. Д.  |g Виталий Денисович 
801 1 |a RU  |b 63413507  |c 20210928 
801 2 |a RU  |b 63413507  |c 20210928  |g RCR 
942 |c BK